| 000 | 00995nam a22002417a 4500 | ||
|---|---|---|---|
| 999 |
_c2237 _d2237 |
||
| 003 | AR-CdUCM | ||
| 008 | 190304b ||||| |||| 00| 0 spa d | ||
| 040 |
_aMUNICIPALIDAD PROVINCIAL DEL CUSCO _cBIBLIOTECA MUNICIPAL DEL CUSCO |
||
| 082 |
_a331.09 / _bR81 |
||
| 100 |
_aRomán de Silgado, Manuel _98055 |
||
| 245 |
_aDe campesino a obrero : _bEl caso de los obreros de origen rural en la industria limeña / |
||
| 260 |
_aLima : _bUniversidad del Pacífico, Centro de Investigación, _c1981 |
||
| 300 |
_a386 paginas ; _c20 cm. |
||
| 505 | _aContenido : Elementos para una teoría sobre las migraciones --Las migraciones en el Perú --La industrialización en el Perú --La conciencia obrera y las migraciones ... | ||
| 650 |
_aTrabajadores _98056 |
||
| 650 |
_aCondiciones sociales _91132 |
||
| 650 |
_aCondiciones económicas _91989 |
||
| 650 |
_aMigración interna _98057 |
||
| 650 |
_aSiglo XX _98 |
||
| 700 |
_aUniversidad del Pacífico _98058 |
||
| 942 |
_2ddc _cLIBROS |
||
| 945 | _arjall | ||